|
|
|
|
| LEADER |
00000nbm0a2200000 4500 |
| 001 |
184926 |
| 005 |
20231031172537.0 |
| 035 |
|
|
|a (RuTPU)RU\TPU\book\200560
|
| 090 |
|
|
|a 184926
|
| 100 |
|
|
|a 20100927d1966 k y0rusy50 ca
|
| 101 |
0 |
|
|a rus
|
| 102 |
|
|
|a RU
|
| 105 |
|
|
|a a p 001zy
|
| 200 |
1 |
|
|a Подбор марок сталей и исследование возможности получения методом отливки плоских ножей для древошерстных станков, ножей для фрез дисковых проушечных и режущих элементов к сборным шпалорезным пилам и повышение эксплуатационных свойств деревообрабатывающего инструмента путем применения ультразвуковой обработки при кристаллизации отливаемых заготовок
|e Отчет о НИР
|f Томский политехнический институт (ТПИ) ; руководитель Н. Тютева ; Г. Симонов
|
| 210 |
|
|
|a Томск
|d 1966
|
| 215 |
|
|
|a 92 л.
|
| 320 |
|
|
|a Библиогр.: с. 82-92.
|
| 610 |
1 |
|
|a отчеты о НИР
|
| 610 |
1 |
|
|a стали
|
| 610 |
1 |
|
|a отливки
|
| 610 |
1 |
|
|a плоские ножи
|
| 610 |
1 |
|
|a деревообрабатывающие инструменты
|
| 610 |
1 |
|
|a ультразвуковая обработка
|
| 610 |
1 |
|
|a заготовки
|
| 610 |
1 |
|
|a кристаллизация
|
| 675 |
|
|
|a 674.056
|v 3
|
| 702 |
|
1 |
|a Тютева
|b Н.
|4 673
|
| 702 |
|
1 |
|a Симонов
|b Г.
|4 677
|
| 712 |
0 |
2 |
|a Томский политехнический институт (ТПИ)
|c (1944-1991)
|2 stltpush
|3 (RuTPU)RU\TPU\col\1123
|4 595
|
| 801 |
|
1 |
|a RU
|b 63413507
|c 20100927
|
| 942 |
|
|
|c BK
|